[Event "11open de NOEL "]
[Site "Charleville 08 Ardennes"]
[Date "????.??.??"]
[Round "6.14"]
[White "Pierquin, Jean-Bernard"]
[Black "Calaresu, Tony"]
[Result "1-0"]
[WhiteElo "1399"]
[BlackElo "1400"]
[PlyCount "67"]

1. d4 d5 2. Bf4 Nf6 3. Nf3 e6 4. e3 b6 5. Be2 Bb7 6. c4 dxc4 7. O-O b5 8. Qc2
Be7 9. b3 O-O 10. bxc4 b4 11. h4 c5 12. Rd1 Qa5 $2 (12... a5 {
c 'est beaucoup mieux et permet a la tour de s'activer}) 13. Nbd2 Bc6 14. a4
Nbd7 15. g3 h6 $2 {perd le controle de la case g6} (15... Rac8) 16. Ne5 Nxe5
17. Bxe5 Nd7 18. Bf3 Bxf3 19. Nxf3 f6 $2 {
ce coup offre au blancs toute les cases blanches coté roi} (19... Rac8 {
pour préparer l'ouverture des lignes}) 20. Qg6 Nxe5 (20... fxe5 21. Qxe6+ Rf7
22. Qxd7 cxd4) 21. dxe5 b3 (21... Rad8 {pour limiter les menaces}) 22. Rd7 Rae8
23. Rb7 Qa6 24. Rxb3 Qxc4 25. Rb5 Qc3 (25... Rb8 {permet d'annuler}) 26. Rab1
Qa3 27. Ra5 (27. exf6 Bxf6) 27... Ra8 (27... Qa2 {controle E- et menace la tour
}) 28. Rb7 c4 29. Nd4 fxe5 30. Qxe6+ Rf7 (30... Kh8) 31. Nc6 Kf8 32. Raxa7 Re8
33. Nxe5 Rf3 34. Ng6# 1-0

[Event "11open de NOEL "]
[Site "Charleville 08 Ardennes"]
[Date "????.??.??"]
[Round "6.15"]
[White "Rubert, Mireille"]
[Black "Louis, Vincent"]
[Result "0-1"]
[WhiteElo "1180"]
[BlackElo "1479"]
[PlyCount "46"]

1. d4 Nf6 2. Nf3 g6 3. Bf4 Bg7 4. e3 O-O 5. c4 d6 6. Nc3 Bg4 7. h3 Bf5 8. Be2
Re8 9. O-O c5 10. Bd3 Qc8 11. Nh4 Bd7 12. Qf3 cxd4 13. exd4 Nh5 14. Ne2 Nc6 15.
Be3 Qd8 16. Kh2 Qc8 17. Rab1 Bf6 18. Ng3 Ng7 19. Ne2 Bxh4 20. d5 Ne5 21. Qe4
Nxd3 22. Qxd3 Bf5 23. Qc3 Bxb1 0-1

[Event "11open de NOEL "]
[Site "Charleville 08 Ardennes"]
[Date "????.??.??"]
[Round "4.1"]
[White "Roos, Louis"]
[Black "Pytel, Krzysztof"]
[Result "1-0"]
[WhiteElo "2338"]
[BlackElo "2311"]
[PlyCount "127"]

1. Nf3 Nf6 2. c4 g6 3. b3 Bg7 4. Bb2 O-O 5. g3 d6 6. Bg2 c5 7. O-O Nc6 8. d3 a6
9. Nc3 Rb8 10. a4 Ne8 11. Qd2 Bg4 12. e3 Nc7 13. h3 Bxf3 14. Bxf3 Qd7 15. Nd5
Bxb2 16. Qxb2 Ne5 17. Bg2 Nxd3 18. Qc3 Nxd5 19. cxd5 Nb4 20. f4 e6 21. dxe6
fxe6 22. Rad1 Qe7 23. g4 Rbd8 24. Rd2 e5 25. fxe5 dxe5 26. Rxd8 Rxd8 27. Qc4+
Kg7 28. g5 Rf8 29. Rxf8 Kxf8 30. h4 b6 31. Qg4 Kg7 32. h5 gxh5 33. Qxh5 b5 34.
Be4 Kg8 35. a5 Qf7 36. Qh6 Qg7 37. Qe6+ Kf8 38. Qc8+ Kf7 39. Qc7+ Kg8 40. Qc8+
Kf7 41. Qd8 Ke6 42. Kh2 Qe7 43. Qg8+ Kd7 44. Bf5+ Kd6 45. Be4 Kc7 46. Qxh7
Qxh7+ 47. Bxh7 Nd5 48. g6 c4 49. g7 Ne7 50. bxc4 bxc4 51. g8=Q Nxg8 52. Bxg8 c3
53. Bh7 Kc6 54. Kg2 Kb5 55. Kf3 Kxa5 56. Bc2 Kb4 57. Ke4 a5 58. Kd3 e4+ (58...
a4 59. Bb1 Kb3 60. Bc2+ Kb4) 59. Kd4 a4 60. Bxa4 Kxa4 61. Kxc3 Kb5 62. Kd4 Kc6
63. Kxe4 Kd6 64. Kf5 1-0

[Event "11open de NOEL "]
[Site "Charleville 08 Ardennes"]
[Date "????.??.??"]
[Round "4.3"]
[White "Wallart, Adrien"]
[Black "Rouffignac, Tanguy"]
[Result "1-0"]
[WhiteElo "2278"]
[BlackElo "2265"]
[PlyCount "91"]

1. Nf3 Nf6 2. c4 g6 3. g3 Bg7 4. Bg2 O-O 5. Nc3 d6 6. O-O a6 7. d3 e5 8. Rb1 h6
9. b4 Nh5 10. a4 Be6 11. Bb2 Nd7 12. Nd2 Rb8 13. Nb3 f5 14. c5 Ndf6 15. cxd6
cxd6 16. b5 f4 17. Ba3 fxg3 18. hxg3 Qd7 19. Nd2 Bh3 20. e3 Bxg2 21. Kxg2 Ng4
22. Qe2 axb5 23. axb5 Rf7 24. f3 Ngf6 25. g4 Rc8 26. Nc4 Qd8 27. Rbc1 Bf8 28.
gxh5 Nxh5 29. Ne4 d5 30. Nxe5 Rxc1 31. Nxf7 Kxf7 32. Bxc1 dxe4 33. fxe4+ Kg8
34. Qg4 Qd6 35. d4 Bg7 36. Rf3 Kh7 37. Bd2 Qc7 38. Be1 Nf6 39. Rxf6 Bxf6 40. e5
Be7 41. Qe6 Kg7 42. Bf2 Bg5 43. Qd5 h5 44. e6 Kh6 45. Qe4 h4 46. Bxh4 1-0

[Event "11open de NOEL "]
[Site "Charleville 08 Ardennes"]
[Date "????.??.??"]
[Round "4.4"]
[White "Serafimov, Dimitar"]
[Black "Schweitzer, Marc"]
[Result "1-0"]
[WhiteElo "2258"]
[BlackElo "1880"]
[PlyCount "86"]

1. c4 Nf6 2. g3 c5 3. Bg2 Nc6 4. Nc3 g6 5. Nf3 Bg7 6. O-O O-O 7. d4 cxd4 8.
Nxd4 Nxd4 9. Qxd4 d6 10. Qd2 Rb8 11. b3 Bd7 12. Bb2 Bc6 13. e4 Nd7 14. Rac1 Re8
15. Rc2 b6 16. h3 Qc8 17. Re1 Nc5 18. Kh2 a5 19. g4 Qb7 20. Rcc1 Rbd8 21. Rcd1
Qb8 22. Qe2 h5 23. h4 e6 24. Qc2 Qb7 25. Rd2 Rd7 26. Red1 Red8 27. a3 Na6 28.
Nd5 Bxb2 29. Qxb2 exd5 30. exd5 Bb5 31. cxb5 Nc7 32. a4 Ne8 33. Rc1 f5 34. Rc6
Kf7 35. Qd4 Rb8 36. Re2 Re7 37. Re6 Rxe6 38. dxe6+ Ke7 39. Rxd6 Nxd6 40. Bxb7
Rxb7 41. Qg7+ Kxe6 42. Qxg6+ Kd5 43. Qxh5 Rc7 1-0

[Event "11open de NOEL "]
[Site "Charleville 08 Ardennes"]
[Date "????.??.??"]
[Round "4.5"]
[White "Le Deuff, Frederic"]
[Black "Bernard, Jacques"]
[Result "0-1"]
[WhiteElo "1760"]
[BlackElo "2204"]
[PlyCount "114"]

1. e4 c5 2. d4 cxd4 3. c3 dxc3 4. Nxc3 Nc6 5. Nf3 d6 6. Bc4 a6 7. O-O Nf6 8.
Qe2 Bg4 9. Be3 e6 10. h3 Bxf3 11. gxf3 Be7 12. Rfd1 O-O 13. f4 Qa5 14. a3 b5
15. Bd3 Rac8 16. Kh1 Kh8 17. Rg1 Qc7 18. Rac1 Qb7 19. f3 Qd7 20. Rcd1 e5 21.
Qg2 Rg8 22. Bb1 Nh5 23. fxe5 Nxe5 24. Nd5 Qe6 25. f4 Nc4 26. Bd4 Bf6 27. f5 Qe8
28. Nxf6 Nxf6 29. Qg5 Ne5 30. Rg3 Qe7 31. Rdg1 Rc4 32. Bc3 h6 33. Qh4 Kh7 34.
Bd2 Qf8 35. Bxh6 gxh6 36. Qxf6 Rxg3 37. Rxg3 Rc1+ 38. Rg1 Rxg1+ 39. Kxg1 Qc8
40. Kg2 Qc7 41. Qh4 Qc1 42. Ba2 Qxb2+ 43. Qf2 Qxf2+ 44. Kxf2 Kg7 45. Ke3 Kf6
46. h4 Ke7 47. Bd5 f6 48. Bb3 Kd7 49. Bd5 Kc7 50. h5 Kb6 51. Kd4 Nc6+ 52. Kc3
Kc5 53. Bb3 Nd4 54. Bd1 a5 55. Kb2 Kc4 56. Bg4 Kd3 57. Bh3 Kxe4 0-1

[Event "11open de NOEL "]
[Site "Charleville 08 Ardennes"]
[Date "????.??.??"]
[Round "4.6"]
[White "Prioux, Michel"]
[Black "Halfaoui, Eddine"]
[Result "0-1"]
[WhiteElo "1730"]
[BlackElo "1935"]
[PlyCount "83"]

1. c4 Nf6 2. Nc3 c5 3. g3 g6 4. Bg2 Bg7 5. e3 O-O 6. Nge2 Nc6 7. O-O d6 8. a3
Rb8 9. Rb1 a5 10. d4 cxd4 11. exd4 Bf5 12. Ra1 Qd7 13. Re1 Bg4 14. Qd3 Bf5 15.
Qd1 Rfd8 16. Bg5 h6 17. Bxf6 Bxf6 18. Nd5 Bg7 19. Rc1 g5 20. f4 Bg4 21. Ndc3
Nxd4 22. Qd3 Nxe2+ 23. Nxe2 Bxb2 24. Rc2 Bf6 25. fxg5 hxg5 26. Be4 Qc7 27. Kh1
Kg7 28. Nc3 e6 29. Rf1 Bh3 30. Rxf6 Kxf6 31. Qf3+ Ke7 32. Qh5 Rh8 33. Qxg5+ Kd7
34. Qf6 Rbf8 35. Nb5 Qc5 36. Rd2 d5 37. Bxd5 Kc8 38. Nd6+ Kb8 39. Nxb7 Qe3 40.
Rd1 exd5 41. Qd6+ Kxb7 42. Rb1+ 0-1

[Event "11open de NOEL "]
[Site "Charleville 08 Ardennes"]
[Date "????.??.??"]
[Round "4.7"]
[White "Pytel, Bozena"]
[Black "Gerardin, David"]
[Result "1-0"]
[WhiteElo "1929"]
[BlackElo "1758"]
[PlyCount "53"]

1. Nf3 Nf6 2. d4 e6 3. c4 b6 4. Nc3 Bb4 5. Qc2 Bb7 6. a3 Be7 7. e4 d5 8. cxd5
exd5 9. e5 Nfd7 10. b4 Nf8 11. Bd3 h6 12. O-O Nbd7 13. Bf5 c6 14. Bf4 Nb8 15.
e6 Bd6 16. exf7+ Kxf7 17. Bxd6 Qxd6 18. Ne5+ Kg8 19. Rfe1 Bc8 20. Bxc8 Nbd7 21.
Bxd7 Nxd7 22. Ng6 Rh7 23. Qf5 Nf8 24. Nxf8 Rxf8 25. Qe5 Qxe5 26. Rxe5 Rc8 27.
Rae1 1-0

[Event "11open de NOEL "]
[Site "Charleville 08 Ardennes"]
[Date "????.??.??"]
[Round "4.8"]
[White "Fauchart, Francois"]
[Black "Schweitzer, Viktoriya"]
[Result "0-1"]
[WhiteElo "1693"]
[BlackElo "2139"]
[PlyCount "90"]

1. d4 d6 2. Nf3 Nf6 3. Bf4 c6 4. c3 g6 5. h3 Bg7 6. Nbd2 Nbd7 7. e3 O-O 8. Be2
Re8 9. O-O e5 10. dxe5 dxe5 11. Bg5 e4 12. Ne1 Qe7 13. Nc4 Nb6 14. Qd6 Be6 15.
Qxe7 Rxe7 16. Nd2 Rd7 17. Nb3 Bxb3 18. axb3 Rd2 19. Bc4 Rxb2 20. f3 Nxc4 21.
bxc4 Nd7 22. Rd1 Nc5 23. fxe4 Re8 24. Nf3 Bxc3 25. e5 a5 26. Bf6 Ne4 27. e6
Bxf6 28. exf7+ Kxf7 29. Rd7+ Re7 30. Rd8 Rc7 31. Ra8 Ra2 32. h4 Ke7 33. g4 Rd7
34. g5 Bg7 35. h5 gxh5 36. Nh4 Ng3 37. Rb1 b5 38. Ra6 b4 39. Rxc6 b3 40. g6 h6
41. Nf3 b2 42. Kg2 Nf5 43. e4 Ne3+ 44. Kg3 Ra1 45. Rxb2 Bxb2 0-1

[Event "11open de NOEL "]
[Site "Charleville 08 Ardennes"]
[Date "????.??.??"]
[Round "4.9"]
[White "Louis, Andre"]
[Black "Marini, Franck"]
[Result "0-1"]
[WhiteElo "1682"]
[BlackElo "1587"]
[PlyCount "84"]

1. e4 e6 2. d4 d5 3. e5 c5 4. c3 Nc6 5. Nf3 Qb6 6. a3 cxd4 7. cxd4 Nge7 8. b4
Nf5 9. Bb2 Be7 10. Be2 O-O 11. O-O Bd7 12. g4 Nh4 13. Nbd2 Nxf3+ 14. Nxf3 Qd8
15. Kg2 f5 16. exf6 Bxf6 17. Ne5 Bxe5 18. dxe5 Qg5 19. h4 Qf4 20. Bb5 a6 21.
Bxc6 Bxc6 22. Bd4 Bb5 23. Rh1 Rac8 24. Re1 Rc4 25. Bc5 Qxg4+ 26. Qxg4 Rxg4+ 27.
Kh3 Rff4 28. Be7 h5 29. Ra2 Bc6 30. Re3 d4 31. Rg3 Rxg3+ 32. fxg3 Rf3 33. Rd2
d3 34. Bg5 Rf1 35. g4 Rf3+ 36. Kh2 hxg4 37. Kg1 Kf7 38. Rf2 Kg6 39. Rxf3 gxf3
40. Bd2 Kf5 41. Kf2 g6 42. Be1 Kxe5 0-1

[Event "11open de NOEL "]
[Site "Charleville 08 Ardennes"]
[Date "????.??.??"]
[Round "4.10"]
[White "Mondeel, Paul"]
[Black "Flamant, Jacky"]
[Result "0-1"]
[WhiteElo "1531"]
[BlackElo "1702"]
[PlyCount "44"]

1. Nf3 d5 2. b3 Bg4 3. e3 e5 4. Be2 Nc6 5. O-O e4 6. Ne1 Bxe2 7. Qxe2 Qf6 8. c3
O-O-O 9. Bb2 Bd6 10. f4 h5 11. d3 Nge7 12. dxe4 dxe4 13. Nd2 Qe6 14. b4 Nd5 15.
Nc2 g5 16. Nc4 Rhg8 17. Nxd6+ Rxd6 18. a4 gxf4 19. exf4 Qf5 20. Rf2 Nxf4 21.
Rxf4 Qxf4 22. Rf1 Qd2 0-1

[Event "11open de NOEL "]
[Site "Charleville 08 Ardennes"]
[Date "????.??.??"]
[Round "4.11"]
[White "Pierquin, Adrien"]
[Black "Melin, Georges"]
[Result "0-1"]
[WhiteElo "1401"]
[BlackElo "1691"]
[PlyCount "52"]

1. c4 g6 2. d4 Bg7 3. e4 d6 4. Nf3 c5 5. Be3 Nc6 6. a3 (6. dxc5 Bxb2 7. Nbd2
Bxa1 8. Qxa1 f6 9. cxd6 Qxd6 10. c5 {et c'était le feu sur l'échiquier !}) 6...
Qb6 7. Bc1 Nxd4 8. Ra2 Bg4 9. Nbd2 Nf6 10. Bd3 Nd7 11. h3 Ne5 12. Be2 Nexf3+
13. Bxf3 Bxf3 14. Nxf3 Qb3 15. Qxb3 Nxb3 16. O-O Nxc1 17. Rxc1 O-O 18. b4 cxb4
19. axb4 a6 20. Rac2 Rac8 21. Re1 Rc7 22. e5 Rfc8 23. exd6 exd6 24. Re4 d5 25.
Re3 Rxc4 26. Rd2 Bh6 0-1

[Event "11open de NOEL "]
[Site "Charleville 08 Ardennes"]
[Date "????.??.??"]
[Round "4.12"]
[White "Pierquin, Jean-Bernard"]
[Black "Roule, Nicolas"]
[Result "0-1"]
[WhiteElo "1399"]
[BlackElo "1628"]
[PlyCount "58"]

1. d4 d5 2. Bf4 Nf6 3. Nf3 Nc6 4. e3 e6 5. Be2 Be7 6. Nc3 O-O 7. a3 Nh5 8. Bg3
Nxg3 9. hxg3 Bf6 10. Na4 b6 11. c4 Ba6 12. Qc2 h6 13. Bd3 Qd7 14. Nh4 Ne7 15.
O-O-O Bb7 16. c5 Bc6 17. Nc3 bxc5 18. dxc5 Rab8 19. b4 Rb7 20. Rd2 Bxc3 21.
Qxc3 Rfb8 22. Ba6 Ba4 23. Bxb7 Rxb7 24. Nf3 Qb5 25. Rh4 a5 26. Rb2 Nc6 27. Qe1
e5 28. Qd2 e4 29. Qxd5 Qf1+ 0-1

[Event "11open de NOEL "]
[Site "Charleville 08 Ardennes"]
[Date "????.??.??"]
[Round "4.13"]
[White "Regnier, Cedric"]
[Black "Calaresu, Tony"]
[Result "1-0"]
[WhiteElo "1596"]
[BlackElo "1400"]
[PlyCount "43"]

1. d4 Nf6 2. Nf3 d5 3. e3 e6 4. Bd3 Bd6 5. b3 O-O 6. O-O Re8 7. Bb2 Ne4 8. Nbd2
Nf6 9. Ne5 b6 10. f4 Bb7 11. Qf3 Nc6 12. a3 Ne4 13. Nxe4 dxe4 14. Bxe4 Nxe5 15.
fxe5 Bxe4 16. Qxe4 (16. Qxf7+ {possible était :} Kh8 17. exd6) 16... Be7 17.
Rf3 h6 18. Raf1 f6 19. Qg6 (19. exf6 Bxf6 20. Rxf6 Qd5 21. Qg6) 19... Bf8 20.
exf6 Qd7 21. f7+ Kh8 22. fxe8=Q 1-0

[Event "11open de NOEL "]
[Site "Charleville 08 Ardennes"]
[Date "????.??.??"]
[Round "4.14"]
[White "Rubert, Mireille"]
[Black "Sogny, Richard"]
[Result "0-1"]
[WhiteElo "1180"]
[BlackElo "1560"]
[PlyCount "52"]

1. d4 d5 2. Nf3 Nf6 3. Bf4 e6 4. Nc3 c5 5. e3 c4 6. h3 Bb4 7. a3 Ba5 8. Be2 Ne4
9. O-O Bxc3 10. b4 Bxa1 11. Qxa1 Bd7 12. c3 a5 13. Qb2 axb4 14. axb4 Nc6 15.
Kh2 Na7 16. Ne5 Nb5 17. Rc1 Ra3 18. Bh5 g6 19. Qe2 Qh4 20. g3 Qxh5 21. g4 Qh4
22. Rf1 Nbxc3 23. Bg3 Qxg3+ 24. fxg3 Nxe2 25. Rxf7 Ra2 26. Rxd7 N2xg3+ 0-1

[Event "11open de NOEL "]
[Site "Charleville 08 Ardennes"]
[Date "????.??.??"]
[Round "4.15"]
[White "Louis, Vincent"]
[Black "Recloux, Georges"]
[Result "0-1"]
[WhiteElo "1479"]
[BlackElo "1534"]
[PlyCount "76"]

1. e4 Nf6 2. e5 Nd5 3. Bc4 Nb6 4. Bb3 Nc6 5. Nf3 Na5 6. c3 Nxb3 7. Qxb3 e6 8.
d4 Be7 9. O-O d5 10. Be3 O-O 11. Nbd2 Bd7 12. Qc2 Rc8 13. Rfd1 c5 14. Rac1 c4
15. Rf1 Be8 16. b4 Nd7 17. Nb1 f5 18. Qd2 Bh5 19. Ng5 Bxg5 20. Bxg5 Qe8 21. f4
h6 22. Bh4 Bg6 23. Na3 a6 24. Nb1 b5 25. Rc2 Bh5 26. Qe3 Qg6 27. Qg3 Qxg3 28.
Bxg3 Be8 29. h4 Bh5 30. Be1 Nb6 31. g3 Rf7 32. a3 Ra7 33. Rff2 a5 34. Ra2 axb4
35. axb4 Rca8 36. Rab2 Bd1 37. Rfd2 Bb3 38. Rf2 Ra1 0-1

[Event "11open de NOEL "]
[Site "Charleville 08 Ardennes"]
[Date "????.??.??"]
[Round "3.1"]
[White "Rouffignac, Tanguy"]
[Black "Dgebuadze, Alexandre"]
[Result "1/2-1/2"]
[WhiteElo "2265"]
[BlackElo "2474"]
[PlyCount "64"]

1. e4 e6 2. d4 d5 3. Nd2 Be7 4. e5 Nh6 5. Ngf3 c5 6. dxc5 Nd7 7. Bb5 Bxc5 8.
O-O a6 9. Bxd7+ Bxd7 10. Nb3 Bf8 11. Nbd4 Rc8 12. Re1 Ng8 13. c3 Ne7 14. Qd2
Ng6 15. g3 Be7 16. h4 h6 17. h5 Nf8 18. Qf4 Nh7 19. Qg4 Kf8 20. Nh2 Ng5 21.
Bxg5 Bxg5 22. f4 Be7 23. f5 exf5 24. Nxf5 Bc5+ 25. Kh1 Qg5 26. Rf1 Qxg4 27.
Nxg4 Kg8 28. Rae1 Be6 29. Nge3 Kh7 30. Nd4 Rc7 31. Nxe6 fxe6 32. Ng2 Re8
1/2-1/2

[Event "11open de NOEL "]
[Site "Charleville 08 Ardennes"]
[Date "????.??.??"]
[Round "3.2"]
[White "Serafimov, Tervel"]
[Black "Wallart, Adrien"]
[Result "1/2-1/2"]
[WhiteElo "2407"]
[BlackElo "2278"]
[PlyCount "47"]

1. Nf3 Nf6 2. c4 c5 3. Nc3 Nc6 4. e3 g6 5. d4 Bg7 6. d5 Nb8 7. e4 d6 8. h3 e6
9. dxe6 Bxe6 10. Be2 O-O 11. O-O Nc6 12. Be3 Rc8 13. Qa4 a6 14. Rfd1 Qe7 15.
Nd5 Bxd5 16. exd5 Ne5 17. Qb3 Nxf3+ 18. Bxf3 b5 19. cxb5 axb5 20. Qxb5 Rb8 21.
Qe2 Nd7 22. Rab1 Ne5 23. b3 Qa7 24. Bf4 (24. a4) 1/2-1/2

[Event "11open de NOEL "]
[Site "Charleville 08 Ardennes"]
[Date "????.??.??"]
[Round "3.3"]
[White "Bernard, Jacques"]
[Black "Roos, Louis"]
[Result "0-1"]
[WhiteElo "2204"]
[BlackElo "2338"]
[PlyCount "76"]

1. e4 d6 2. d4 g6 3. Nc3 Bg7 4. f4 c6 5. Nf3 b5 6. e5 d5 7. Bd3 h5 8. O-O Nh6
9. Ne2 Bg4 10. a4 b4 11. a5 Nd7 12. Be3 Rb8 13. Nc1 Nf5 14. Bf2 Bh6 15. h3 Bxf3
16. Qxf3 e6 17. g3 Bf8 18. Nb3 Qc7 19. g4 hxg4 20. hxg4 Nh4 21. Bxh4 Rxh4 22.
f5 gxf5 23. gxf5 Nxe5 24. dxe5 Qxe5 25. Rf2 Qg7+ 26. Rg2 Qf6 27. Re1 e5 28. Qe3
Bd6 29. Qxa7 Qh8 30. Qe3 Ke7 31. Qg5+ (31. f6+ Kd8 32. Bf5 e4 33. Qg5) 31...
Kd7 32. f6 Kc7 33. Qg7 (33. Rxe5 {le sacrifice gagne pour les blancs} Rh1+ 34.
Kf2 Rh2 35. Qf4 Rxg2+ 36. Kxg2 Rg8+ 37. Kf2 Bxe5 38. Qxe5+ Kb7) 33... Rh1+ 34.
Kf2 Qh4+ 35. Qg3 Qxf6+ 36. Ke2 Rxe1+ 37. Qxe1 e4 38. Ba6 Qf3+ 0-1

[Event "11open de NOEL "]
[Site "Charleville 08 Ardennes"]
[Date "????.??.??"]
[Round "3.4"]
[White "Pytel, Krzysztof"]
[Black "Prioux, Michel"]
[Result "1-0"]
[WhiteElo "2311"]
[BlackElo "1730"]
[PlyCount "71"]

1. e4 c5 2. Nf3 g6 3. d4 cxd4 4. Nxd4 Bg7 5. c4 d6 6. Be2 Nf6 7. Nc3 O-O 8. O-O
Nbd7 9. Be3 b6 10. Rc1 Bb7 11. f3 Rc8 12. Qd2 Re8 13. Rfd1 Ne5 14. b3 Nfd7 15.
Kh1 Nc6 16. Nxc6 Bxc6 17. Nd5 Bb7 18. Bh6 Bh8 19. Bf1 Nf6 20. Bg5 Nxd5 21. exd5
Qd7 22. Re1 Rc7 23. Rcd1 a6 24. a4 b5 25. a5 bxc4 26. bxc4 Be5 27. Be3 e6 28.
f4 Bg7 29. Bb6 Rcc8 30. dxe6 Rxe6 31. Rxe6 Qxe6 32. Qxd6 h5 33. Qd7 Be4 34.
Qxe6 fxe6 35. c5 Bh6 36. Bxa6 1-0

[Event "11open de NOEL "]
[Site "Charleville 08 Ardennes"]
[Date "????.??.??"]
[Round "3.5"]
[White "Schweitzer, Viktoriya"]
[Black "Serafimov, Dimitar"]
[Result "1/2-1/2"]
[WhiteElo "2139"]
[BlackElo "2258"]
[PlyCount "83"]

1. e4 c6 2. d4 d5 3. e5 Bf5 4. Be3 e6 5. Nf3 Nd7 6. Be2 Ne7 7. Nbd2 Bg4 8. Ng5
Bxe2 9. Qxe2 Nf5 10. Qf3 h5 11. Nh3 Be7 12. Nf4 g6 13. O-O c5 14. c3 Qb6 15.
Ne2 Qa6 16. Ng3 Qd3 17. Rfd1 Nh4 18. Qe2 Qxe2 19. Nxe2 Nf5 20. Ng3 cxd4 21.
cxd4 Nb8 22. Nxf5 gxf5 23. Rdc1 Nc6 24. Nf3 Rg8 25. h4 Rg4 26. g3 Kd7 27. Kf1
Rag8 28. a3 Na5 29. Rc3 Rc8 30. Rxc8 Kxc8 31. Rc1+ Kd7 32. Bf4 Rg8 33. Ke2 Nc6
34. Kd3 a5 35. Bg5 Bf8 36. Ng1 Rh8 37. Ne2 Bg7 38. Rc2 Rb8 39. Nf4 Rh8 40. Ne2
Rb8 41. Nf4 Rh8 42. Ne2 1/2-1/2

[Event "11open de NOEL "]
[Site "Charleville 08 Ardennes"]
[Date "????.??.??"]
[Round "3.6"]
[White "Halfaoui, Eddine"]
[Black "Louis, Andre"]
[Result "1-0"]
[WhiteElo "1935"]
[BlackElo "1682"]
[PlyCount "89"]

1. d4 Nf6 2. Nf3 e6 3. Bf4 d5 4. e3 a6 5. Bd3 Nc6 6. c3 h6 7. h3 Be7 8. Nbd2 b5
9. O-O Bb7 10. Rc1 O-O 11. Bb1 g5 12. Nxg5 hxg5 13. Bxg5 Kg7 14. Bxf6+ Bxf6 15.
Qg4+ Kh6 16. e4 Rg8 17. Qe2 Ne7 18. e5 Bh4 19. Qe3+ Rg5 20. Nf3 Ng6 21. Bxg6
Kxg6 22. Nxh4+ Kh7 23. f4 Rh5 24. Nf3 Qe7 25. Kh2 Rg8 26. Rg1 f5 27. exf6 Qxf6
28. Ng5+ Kh8 29. Rgf1 Bc8 30. Qe5 Qxe5 31. Nf7+ Kh7 32. Nxe5 Kg7 33. Rf3 Kf6
34. Rg3 Rxg3 35. Kxg3 Kf5 36. Kf3 Rh4 37. g4+ Kf6 38. Kg3 Rh8 39. h4 Rg8 40.
g5+ Kf5 41. Kf3 Rh8 42. Rh1 c5 43. h5 a5 44. Ng6 Rh7 45. Nh4# 1-0

[Event "11open de NOEL "]
[Site "Charleville 08 Ardennes"]
[Date "????.??.??"]
[Round "3.7"]
[White "Roule, Nicolas"]
[Black "Pytel, Bozena"]
[Result "0-1"]
[WhiteElo "1628"]
[BlackElo "1929"]
[PlyCount "104"]

1. d4 f5 2. c4 Nf6 3. Nc3 g6 4. Nf3 Bg7 5. e3 d6 6. Bd3 O-O 7. O-O c6 8. Bd2
Qc7 9. h3 e5 10. dxe5 dxe5 11. e4 f4 12. Ne2 Qe7 13. Bc3 Nh5 14. Nc1 Rd8 15.
Qe2 c5 16. Bc2 Nc6 17. Nd3 Nd4 18. Bxd4 exd4 19. e5 Rf8 20. Rae1 Be6 21. b3
Rad8 22. Bb1 b6 23. Bc2 Bh6 24. Bb1 Kh8 25. Kh1 Qf7 26. Nb2 Ng7 27. Nd3 g5 28.
Qc2 Bf5 29. Qe2 Ne6 30. Nb2 Bg7 31. Bxf5 Qxf5 32. Nd3 g4 33. Nh4 f3 34. Qe4
fxg2+ 35. Nxg2 gxh3 36. Nh4 Qh5 37. f4 Qxh4 38. f5 Qxe4+ 39. Rxe4 Ng5 40. Rg4
h6 41. f6 Kg8 42. Re1 Bxf6 43. exf6 Rxf6 44. Kg1 Rdf8 45. Ne5 Re6 46. Nd3 Rxe1+
47. Nxe1 Kh7 48. Rg3 Kg6 49. Nd3 Rf4 50. Nf2 Rf3 51. Rg4 Kh5 52. Kf1 Rxf2+ 0-1

[Event "11open de NOEL "]
[Site "Charleville 08 Ardennes"]
[Date "????.??.??"]
[Round "3.8"]
[White "Schweitzer, Marc"]
[Black "Regnier, Cedric"]
[Result "1-0"]
[WhiteElo "1880"]
[BlackElo "1596"]
[PlyCount "93"]

1. Nf3 b6 2. d4 Nf6 3. c4 e6 4. Bg5 Bb4+ 5. Nbd2 h6 6. Bxf6 Qxf6 7. e3 c5 8. a3
Bxd2+ 9. Qxd2 cxd4 10. exd4 Bb7 11. Be2 O-O 12. O-O d6 13. Rfd1 Nd7 14. Rac1
Rfd8 15. Qe3 Qe7 16. d5 e5 17. Nd2 Rac8 18. b4 Rc7 19. Ne4 Rdc8 20. Nc3 a6 21.
a4 f5 22. f3 Rb8 23. Bd3 Qf8 24. Ne2 Rbc8 25. Nc3 Qf7 26. Bf1 Qf8 27. Rb1 Ba8
28. Rd2 Bb7 29. Nd1 Qe8 30. Nb2 Qe7 31. Re1 Qe8 32. Bd3 Qf7 33. Bb1 Ba8 34. Qd3
g6 35. Qe3 Kg7 36. Rf1 b5 37. axb5 axb5 38. c5 dxc5 39. d6 Rc6 40. Nd3 f4 41.
Qf2 Rxd6 42. bxc5 Rd4 43. Rb2 e4 44. fxe4 Rxe4 45. Qc2 Qc4 46. Rb4 Qf7 47. Nxf4
1-0

[Event "11open de NOEL "]
[Site "Charleville 08 Ardennes"]
[Date "????.??.??"]
[Round "3.9"]
[White "Sogny, Richard"]
[Black "Le Deuff, Frederic"]
[Result "0-1"]
[WhiteElo "1560"]
[BlackElo "1760"]
[PlyCount "84"]

1. d4 Nf6 2. Nf3 d6 3. c4 Nbd7 4. Nc3 e5 5. d5 Be7 6. Bg5 O-O 7. Qc2 Re8 8. e3
Nf8 9. Be2 Ng6 10. O-O h6 11. Bxf6 Bxf6 12. Rae1 Qe7 13. Ne4 Nf8 14. Nxf6+ Qxf6
15. e4 Ng6 16. h3 Nf4 17. Nh2 Qg6 18. g4 Nxh3+ 19. Kh1 Qf6 20. Bf3 Qh4 21. Bg2
Nf4 22. f3 g6 23. Kg1 Kg7 24. Rf2 Qg3 25. Kh1 Rh8 26. Rg1 h5 27. Bf1 Qh4 28. g5
f6 29. gxf6+ Kxf6 30. c5 dxc5 31. Rd2 b6 32. d6 cxd6 33. Rxd6+ Be6 34. Bc4 Rad8
35. Rxd8 Rxd8 36. Bxe6 Nxe6 37. Kg2 Nd4 38. Qc1 Ne2 39. Qe1 Qg5+ 40. Kf2 Qxg1+
41. Qxg1 Nxg1 42. Kxg1 Rd2 0-1

[Event "11open de NOEL "]
[Site "Charleville 08 Ardennes"]
[Date "????.??.??"]
[Round "3.10"]
[White "Gerardin, David"]
[Black "Rubert, Mireille"]
[Result "1-0"]
[WhiteElo "1758"]
[BlackElo "1180"]
[PlyCount "35"]

1. e4 e6 2. d4 d5 3. exd5 Qxd5 4. Nf3 Nc6 5. a3 Nf6 6. c4 Qd7 7. Nc3 a6 8. Be2
Nd8 9. Ne5 Qe7 10. Bg5 h6 11. Bxf6 Qxf6 12. Ne4 Qf5 13. Bd3 Ke7 14. Ng3 Qg5 15.
h4 Qxg3 (15... Qf4 16. Ne2) 16. fxg3 f6 17. Ng6+ Ke8 18. Nxh8 1-0

[Event "11open de NOEL "]
[Site "Charleville 08 Ardennes"]
[Date "????.??.??"]
[Round "3.11"]
[White "Calaresu, Tony"]
[Black "Fauchart, Francois"]
[Result "0-1"]
[WhiteElo "1400"]
[BlackElo "1693"]
[PlyCount "74"]

1. c4 c5 2. Nf3 Nc6 3. g3 Nf6 4. Bg2 e6 5. b3 Be7 6. O-O O-O 7. d3 d5 8. Nc3 d4
9. Ne4 Nxe4 10. dxe4 Bf6 11. Rb1 e5 12. Ba3 Qa5 13. Qc1 Be6 14. Ra1 Rfd8 15.
Rd1 Rd7 16. Rd3 Rad8 17. Bb2 Qc7 18. h3 Nb4 19. Rd1 d3 20. exd3 Nxd3 21. Qc2
Nxb2 22. Rxd7 Qxd7 23. Qxb2 Qd6 24. Bf1 Qc7 25. a3 b6 26. b4 cxb4 27. axb4 Bxc4
28. Bxc4 Qxc4 29. Nxe5 Qxe4 30. Qb3 Qxe5 31. Rxa7 Qe6 32. Qxe6 fxe6 33. Rb7
Rd1+ 34. Kg2 Bd4 35. h4 Rd2 36. Kh3 Rxf2 37. h5 h6 0-1

[Event "11open de NOEL "]
[Site "Charleville 08 Ardennes"]
[Date "????.??.??"]
[Round "3.12"]
[White "Marini, Franck"]
[Black "Mondeel, Paul"]
[Result "1-0"]
[WhiteElo "1587"]
[BlackElo "1531"]
[PlyCount "49"]

1. d4 d5 2. c4 dxc4 3. Nf3 Bf5 4. e3 e6 5. Bxc4 Be7 6. O-O Nf6 7. Nc3 O-O 8.
Re1 a6 9. Qe2 Nbd7 10. Rd1 b5 11. Bb3 c5 12. dxc5 Bxc5 13. e4 Bg4 14. Bg5 Qc7
15. Rac1 Ne5 16. Bxf6 gxf6 17. h3 Nxf3+ 18. gxf3 Bxh3 (18... Qg3+) 19. Kh1 Kh8
20. Rg1 Rg8 21. e5 Qb6 22. Ne4 Rxg1+ 23. Rxg1 fxe5 24. Ng5 Qc7 25. Qe4 1-0

[Event "11open de NOEL "]
[Site "Charleville 08 Ardennes"]
[Date "????.??.??"]
[Round "3.14"]
[White "Melin, Georges"]
[Black "Hurreau, Jean Francois"]
[Result "1-0"]
[WhiteElo "1691"]
[BlackElo "1437"]
[PlyCount "49"]

1. e4 d5 2. exd5 Qxd5 3. Nc3 Qa5 4. d4 Nf6 5. Bd2 c6 6. Ne4 Qc7 7. Nxf6+ exf6
8. c4 Qe7+ 9. Qe2 Qxe2+ 10. Nxe2 Be6 11. Rc1 Na6 12. a3 Be7 13. d5 cxd5 14.
cxd5 Bxd5 15. Nf4 Be6 16. Bb5+ Bd7 17. Bxa6 bxa6 18. Nd5 Bd6 19. Nc7+ Bxc7 20.
Rxc7 Be6 21. Bb4 Bd7 22. O-O Be6 23. Re7+ Kd8 24. Rd1+ Kc8 25. Ba5 1-0